<?xml version="1.0" encoding="UTF-8"?>
<collection xmlns="http://www.loc.gov/MARC21/slim">
 <record>
  <leader>01560nam a22002537a 4500</leader>
  <controlfield tag="001">NCT_4_028157</controlfield>
  <controlfield tag="008">251101b        xxu||||| |||| 00| 0 vie d</controlfield>
  <datafield tag="999" ind1=" " ind2=" ">
   <subfield code="c">9406</subfield>
   <subfield code="d">9406</subfield>
  </datafield>
  <datafield tag="020" ind1=" " ind2=" ">
   <subfield code="a">9789814390538</subfield>
   <subfield code="c">$99</subfield>
  </datafield>
  <datafield tag="082" ind1="0" ind2="4">
   <subfield code="2">23rd ed.</subfield>
   <subfield code="a">338.951</subfield>
   <subfield code="b">O44I</subfield>
  </datafield>
  <datafield tag="245" ind1="0" ind2="0">
   <subfield code="a">Old industrial cities seeking new road of industrialization : </subfield>
   <subfield code="b">Models of revitalizing Northeast China</subfield>
   <subfield code="c">Mark Wang, Zhiming Chen, Pingyu Zhang... (editor)</subfield>
  </datafield>
  <datafield tag="260" ind1=" " ind2=" ">
   <subfield code="a">Singapore</subfield>
   <subfield code="b">World Scientific Publishing Company</subfield>
   <subfield code="c">2014</subfield>
  </datafield>
  <datafield tag="300" ind1=" " ind2=" ">
   <subfield code="a">ix, 241 p.</subfield>
   <subfield code="b">ill.</subfield>
   <subfield code="c">23 cm</subfield>
  </datafield>
  <datafield tag="504" ind1=" " ind2=" ">
   <subfield code="a">Includes bibliographical references and index</subfield>
  </datafield>
  <datafield tag="520" ind1="3" ind2=" ">
   <subfield code="a">This book explores how cities in China's rust belt, particularly in northeast China, are restructuring their industries and economies after decades of decline. Once the heart of China's industrialization, the region suffered under market reforms and competition from coastal areas. Since the 2003 &quot;Revitalisation Strategy,&quot; these cities have undergone significant transformation. The authors identify six distinct reindustrialization models that illustrate different paths toward economic renewal and sustainable growth.</subfield>
  </datafield>
  <datafield tag="653" ind1=" " ind2=" ">
   <subfield code="a">Kinh tế chính trị</subfield>
  </datafield>
  <datafield tag="700" ind1="1" ind2=" ">
   <subfield code="a">Wang, Mark</subfield>
   <subfield code="e">editor</subfield>
  </datafield>
  <datafield tag="700" ind1="1" ind2=" ">
   <subfield code="a">Chen, Zhiming</subfield>
   <subfield code="e">editor</subfield>
  </datafield>
  <datafield tag="700" ind1="1" ind2=" ">
   <subfield code="a">Zhang, Pingyu</subfield>
   <subfield code="e">editor</subfield>
  </datafield>
  <datafield tag="700" ind1="1" ind2=" ">
   <subfield code="a">Tong, Lianjun</subfield>
   <subfield code="e">editor</subfield>
  </datafield>
  <datafield tag="700" ind1="1" ind2=" ">
   <subfield code="a">Ma, Yanji</subfield>
   <subfield code="e">editor</subfield>
  </datafield>
  <datafield tag="942" ind1=" " ind2=" ">
   <subfield code="2">ddc</subfield>
   <subfield code="c">BK</subfield>
  </datafield>
  <datafield tag="952" ind1=" " ind2=" ">
   <subfield code="0">0</subfield>
   <subfield code="1">0</subfield>
   <subfield code="2">ddc</subfield>
   <subfield code="4">0</subfield>
   <subfield code="6">338_951000000000000_O44I</subfield>
   <subfield code="7">0</subfield>
   <subfield code="9">31542</subfield>
   <subfield code="a">000001</subfield>
   <subfield code="b">000001</subfield>
   <subfield code="d">2025-11-01</subfield>
   <subfield code="o">338.951 O44I</subfield>
   <subfield code="p">MD.24548</subfield>
   <subfield code="r">2025-11-01</subfield>
   <subfield code="v">99.00</subfield>
   <subfield code="w">2025-11-01</subfield>
   <subfield code="y">BK</subfield>
  </datafield>
  <datafield tag="980" ind1=" " ind2=" ">
   <subfield code="a">Thư viện Trường Đại học Nam Cần Thơ</subfield>
  </datafield>
 </record>
</collection>
